00456 2200181 4500001002100000005001500021008004100036020001800077035002000095082000800115084001400123100002900137245002700166250001000193260004100203300002000244990001000264INLIS00000000001453420190109081125190109| ||| 0 ind d a9789791276801 a0010-01190001240 a384 a384 LUT a0 aLutfi AviantoePengarang10aAyo Belajar Komunikasi aCet 1 aJakarta :bMediantara Semesta,c2009 a43 hlm ;c25 cm a14942